Self-learning control of finite Markov chains
Αποθηκεύτηκε σε:
| Κύριος συγγραφέας: | |
|---|---|
| Άλλοι συγγραφείς: | , |
| Μορφή: | Βιβλίο |
| Γλώσσα: | English |
| Δημοσίευση: |
New York :
Marcel Dekker,
c2000
|
| Σειρά: | Control engineering (Marcel Dekker, Inc.)
; 4 |
| Θέματα: | |
| Ετικέτες: |
Προσθήκη ετικέτας
Δεν υπάρχουν, Καταχωρήστε ετικέτα πρώτοι!
|
MARC
| LEADER | 00000nam a2200000 i 4500 | ||
|---|---|---|---|
| 001 | 1/64347 | ||
| 008 | 071123s2000 eng d | ||
| 020 | |a 0-8247-9429-X | ||
| 035 | |l 10092527 | ||
| 040 | |a GR-MY-UA |b gre |e aacr | ||
| 041 | 0 | |a eng | |
| 082 | 0 | |a 519.233 |2 (22) | |
| 100 | 1 | |a Poznyak, Alexander S. | |
| 245 | 1 | 0 | |a Self-learning control of finite Markov chains / |c A.S. Poznyak, K. Najim, E. Gomez-Ramirez |
| 260 | |a New York : |b Marcel Dekker, |c c2000 | ||
| 300 | |a xiii, 298 σ.; |b εικ.; |c 27 εκ. | ||
| 490 | 1 | |a Control engineering |v ; 4 | |
| 504 | |a Περιέχει βιβλιογραφικές παραπομπές και ευρετήριο | ||
| 650 | 0 | 0 | |a Markov processes. |
| 650 | 0 | 0 | |a Stochastic control theory. |
| 700 | 1 | |a Najim, K. | |
| 700 | 1 | |a Gomez-Ramirez, E. |q 1968- | |
| 830 | 0 | |a Control engineering (Marcel Dekker, Inc.) |v ; 4 | |
| 852 | |a INST |b SAMOS |e 20071123 |h 519.233 POZ |p 005300027723 |q 005300027723 |t BK |y 0 | ||
| 901 | |a BIBL3-2007-3 | ||
| 909 | |a Σ |b 140257 | ||
| 922 | |a 3ΕΛΗ |b 200711 |c ΕΠΕΑΕΚ2/ΤΜΗΜΑ ΜΑΘΗΜΑΤΙΚΩΝ |d ΠΑΠΑΣΩΤΗΡΙΟΥ | ||
| 970 | |a ΡΟΥΣΣΟΥ |b ΚΩΝΣΤΑΝΤΙΝΑ |z 2007/11/23 | ||